000 nam a22 7a 4500
999 _c10620
_d10620
003 OSt
005 20260602220616.0
008 260602b ||||| |||| 00| 0 eng d
040 _cLIC
041 _avie
082 _a634
_bN
100 _aNguyễn, Duy Ngọc Tân
245 _aNghiên cứu đặc điểm sinh học và kỹ thuật gây trồng loài vằng sẻ (Jasminum subtriplinerve Blume) tại khu vực Trung Trung Bộ
_bLuận án Tiến sĩ Lâm sinh. Ngành: Lâm sinh. Mã số: 9620205
_cNguyễn Duy Ngọc Tân
260 _aHuế
_c2026
300 _a136tr.,pl.
_bMinh họa (ảnh màu)
_c30cm.
500 _aNgười HDKH: PGS.TS. Nguyễn Hồ Lam, TS. Trần Minh Đức
520 _aNội dung nghiên cứu của luận án: Nội dung 1: Nghiên cứu đặc điểm sinh học và sinh thái: Xác định đặc điểm hình thái, vật hậu, danh pháp khoa học. Xác định đặc điểm sinh thái và các yếu tố ảnh hưởng đến phân bố. Nội dung 2: Đánh giá tiềm năng thích nghi sinh thái: Đánh giá tiềm năng thích nghi sinh thái hiện tại và tương lai theo các kịch bản của biến đổi khí hậu (BĐKH). Xây dựng hệ thống bản đồ đánh giá mức độ thích nghi sinh thái, phân tích các biến động và xu hướng dịch chuyển theo các kịch bản BĐKH. Nội dung 3: Nghiên cứu kỹ thuật nhân giống và gây trồng: Đánh giá ảnh hưởng của một số yếu tố đến sinh trưởng và phát triển của loài vằng sẻ trong giải đoạn vườn ươm. Đánh giá ảnh hưởng của các biện pháp kỹ thuật và điều kiện sinh thái đến sinh trưởng, phát triển và năng suất cây trồng trong các mô hình. Nội dung 4: Xác định hàm lượng hoạt chất chính và hoạt chất sinh học: Đánh giá hàm lượng hoạt chất chính (flavonoid tổng số). Đánh giá hoạt tính kháng viêm (khả năng ức chế sản sinh NO). Đánh giá hoạt tính chống oxy hóa (khả năng trung hòa gốc tự do DPPH).
650 _aLâm nghiệp
_xLâm sinh
653 _aLâm sinh
_aLoài vằng sẻ
_aSinh trưởng phát triển
_aKỹ thuật gây trồng
_aJasminum subtriplinerve Blume
942 _2ddc
_cLALV